Informale oggetto comportamento (2 Volumi) (Record n. 76409)

Dettagli MARC
000 -LEADER
fixed length control field 02110nam a2200301Ia 4500
001 - CONTROL NUMBER
control field 7755
003 - CONTROL NUMBER IDENTIFIER
control field IT-RoPAU
008 - FIXED-LENGTH DATA ELEMENTS--GENERAL INFORMATION
fixed length control field 130308s9999 xx 000 0 und d
040 ## - CATALOGING SOURCE
Original cataloging agency IT-RoPAU
040 ## - CATALOGING SOURCE
Transcribing agency IT-RoPAU
041 ## - LANGUAGE CODE
Language code of text/sound track or separate title ITALIANO
999 ## - SYSTEM CONTROL NUMBERS (KOHA)
Koha Dewey Subclass [OBSOLETE] SI
100 ## - MAIN ENTRY--PERSONAL NAME
Personal name Barilli Renato
100 ## - MAIN ENTRY--PERSONAL NAME
Miscellaneous information Codice Aut. SPICS: 9544
245 ## - TITLE STATEMENT
Title Informale oggetto comportamento (2 Volumi)
245 ## - TITLE STATEMENT
Remainder of title Informale Oggetto Comportamento (2 Volumi)
250 ## - EDITION STATEMENT
Edition statement 1a ed.
260 ## - PUBLICATION, DISTRIBUTION, ETC. (IMPRINT)
Place of publication, distribution, etc. MILANO
260 ## - PUBLICATION, DISTRIBUTION, ETC. (IMPRINT)
Name of publisher, distributor, etc. Feltrinelli
260 ## - PUBLICATION, DISTRIBUTION, ETC. (IMPRINT)
Date of publication, distribution, etc. 1979 [1° Ed.:1979 - Ed.Ling.Originale:1979]
300 ## - PHYSICAL DESCRIPTION
Extent "540 p. (prefazione: no ; testo: 540)"
500 ## - GENERAL NOTE
General note Ricerca Artistica Negli Anni 50 60 e 70 Saggi vari Poetica di Klee Percorso di Dubuffet Retrospettiva di tobey Classicità di Gorky Prospettiva di Giacometti sogno di Bacon Coerenza di Leoncillo Matta una Macchina Traduttrice Assemblage e Spazio Prospettivo Americani Alla Xxxii Biennale Recalcati Dietro un vetro Oyvind Fahldtrom Schede mostra di De Stael Pompilio Mandellivasco Bendini scultura di Somaini Disegni di Leoncillo Antoni Tapies Wols Renato Birolli Emilio Vedova Mattia Moreni toti Scialoja Sergio Romiti Arnaldo Pomodoro Rafael Canogar Sergio Vacchi Guido Biasi Domenico Gnoli Edoardo Arroyo Gilles Aillaud Beppe Devalle Pino Pascali Piero Gilardi Valerio Adami Herve' Telemaque Lucio del Pezzo Scuola di Pistoia Fernando De Filippi Gino Marotta Ugo Nespolo Gianfranco Pardi Emilio Tadini Luca Alinari Arte Ricca Inferno di Rauschenberg Kultermann Funk Art Arte Povera Lichtenstein Fausto Melotti 68 e Arti visive Ripetizione Differente Narrative Art Percezione Performance Andy Warhol Jim Dine Gino De Dominicis Mario Merz Michelangelo Pistoletto Vito Acconci Vincenzo Agnetti Giulio paolini Luciano Fabro Giuseppe Penone Gianni Colombo Bruno di bello Luca Patella Emilio Isgro' Ketty la Rocca Giuseppe Chiari Lamberto Pignotti Carlo Maria Mariani Filippo Avalle Sandro Martini Franco Vaccari Marina Abramovic e Ulay
650 ## - SUBJECT ADDED ENTRY--TOPICAL TERM
Topical term or geographic name as entry element STORIA DELLE ARTI VISIVE
650 ## - SUBJECT ADDED ENTRY--TOPICAL TERM
Relator term Codice materia Spics: 5008
942 ## - ADDED ENTRY ELEMENTS (KOHA)
Koha item type LIBRO
957 ## -
-- 1
999 ## - SYSTEM CONTROL NUMBERS (KOHA)
-- 1
Dati di copia
Withdrawn status Lost status Damaged status Not for loan Home library Current library Date acquired Total Checkouts Full call number Date last seen Price effective from Koha item type Public note
    Buone Condizioni Not For Loan SPICS-MEDIATECA SPICS-MEDIATECA 08/03/2013   7755 08/03/2013 08/03/2013 LIBRO Progressivo inserimento: 21670 / N. Volumi: 2 Copie: 1 Copia Rara: SI / data import: 1 marzo 2013 - By Epidotti, Trombetti, Vaglietti.
CREDITS: SOCIETA' SAN PAOLO Via A.Severo, 58 - ROMA (RM) & PERIODICI SAN PAOLO SRL Via Giotto, 36 MILANO & CISF Via Giotto, 36 MILANO & EDIZIONI SAN PAOLO SRL,  Piazza Soncino, 5 CINISELLO BALSAMO (MI) -- ITALY